header

Network approaches to diseases of the brain (Record no. 148896)

MARC details
000 -LEADER
fixed length control field 01147nam a2200277 a 4500
245 00 - TITLE STATEMENT
Title Network approaches to diseases of the brain
260 ## - PUBLICATION, DISTRIBUTION, ETC. (IMPRINT)
Place of publication [Massachusetts] :
Name of publisher Bentham Science Publishers,
Year of publication [2012]
300 ## - PHYSICAL DESCRIPTION
Number of Pages iv, 125 p. :
Other physical details ill. (some col.)
650 #0 - SUBJECT ADDED ENTRY--TOPICAL TERM
Topical Term Brain
700 1# - ADDED ENTRY--PERSONAL NAME
Personal name Bianchi, Matt T.
Personal name Caviness, Verne S.
Personal name Cash, Sydney S.
856 40 - ELECTRONIC LOCATION AND ACCESS
Uniform Resource Identifier http://site.ebrary.com/lib/rucke/Doc?id=10534340

No items available.

© 2026 Rongo University
Contact us: librarian | system librarian | Rongo university